The International Labour Organisation and technical assistance (Record no. 490329)

000 -LEADER
fixed length control field 00368cam a22001097a 4500
008 - FIXED-LENGTH DATA ELEMENTS--GENERAL INFORMATION
fixed length control field 180718b1952 xxu||||| |||| 00| 0 eng d
082 ## - DEWEY DECIMAL CLASSIFICATION NUMBER
Classification number D78 In78
245 ## - TITLE STATEMENT
Title The International Labour Organisation and technical assistance
Statement of responsibility, etc. by International Labour Office
260 ## - PUBLICATION, DISTRIBUTION, ETC.
Place of publication, distribution, etc. Geneva
Name of publisher, distributor, etc. International Labour Office
Date of publication, distribution, etc. 1952
300 ## - PHYSICAL DESCRIPTION
Extent 28p.
700 ## - ADDED ENTRY--PERSONAL NAME
Personal name International Labour Office
Holdings
Withdrawn status Lost status Damaged status Not for loan Permanent Location Current Location Date acquired Full call number Barcode Date last seen Price effective from Koha item type
        Indian Institute of Public Administration Indian Institute of Public Administration 2018-08-04 D78 In78 G3835 2018-08-04 2018-08-04 G

Powered by Koha